Dinge die mit A anfangen (Kenshin Edition) - Statistiken

Allgemein
  • Dieses Quiz wurde 375 mal gespielt
  • Das Durchschnittsergebnis liegt bei 14 aus 16
Antwortstatistiken
Bildquiz Antwort % Korrekt
Astronaut
99%
Aal
98%
Affe
98%
Apfel
98%
Auto/Audi
98%
Australien
96%
Ahorn
95%
Argentinien
95%
Antarktis
89%
Alpen
86%
Android
85%
Arabisch
82%
Alabama
76%
Augsburg
76%
Anime
70%
Andromedagalaxie
12%
Keine übereinstimmenden Quizze gefunden
Verteilung der Resultate
Anzahl Personen mit jedem Resultat
Perzentil nach korrekt beantworteten Fragen
Ihre Resultats-Entwicklung
Sie haben dieses Quiz noch nicht gespielt